000 00318nam a2200133Ia 4500
005 20251222140042.0
008 251222s1900||||xx |||||||||||||| ||spa||
020 _a8805056294
082 _a174.9/B38
100 _aBelsy, Andrew
245 0 _aÉtica e Giornalismo
264 _bSocieta Ed. Internazionale
942 _cLIB
999 _c3309
_d3309